[Event "Donoratico op-A"]
[Site "Donoratico"]
[Date "2011.04.30"]
[Round "3"]
[White "Lampiasi, Stefano"]
[Black "Pazzi, Maurizio"]
[Result "1-0"]
[WhiteElo "1716"]
[BlackElo "1491"]
[PlyCount "155"]
[EventDate "2011.04.29"]
[EventType "swiss"]
[EventRounds "5"]
[EventCountry "ITA"]
[SourceTitle "EXT 2015"]
[Source "ChessBase"]
[SourceDate "2014.11.20"]
[SourceVersion "1"]
[SourceVersionDate "2014.11.20"]
[SourceQuality "1"]

1. d4 e6 2. Nf3 d5 3. Nbd2 Nf6 4. c3 Be7 5. e3 c5 6. Be2 Nc6 7. 0-0 0-0 8. Bd3 a6 9. Qe2 b5 10. dxc5 Bxc5 11. e4 Qc7 12. h3 Bb7 13. Nb3 Bd6 14. exd5 exd5 15. Qc2 Bf4 16. Re1 Rae8 17. Bd2 Bxd2 18. Qxd2 Ne5 19. Nxe5 Rxe5 20. Rxe5 Qxe5 21. Re1 Qd6 22. Nd4 g6 23. Nf3 Nd7 24. Qe3 Nc5 25. Bc2 Ne6 26. Qh6 Qf4 27. Qxf4 Nxf4 28. Re7 Bc8 29. Nd4 Rd8 30. Nc6 Kf8 31. Rxf7+ Kxf7 32. Nxd8+ Kf6 33. Nc6 Ne6 34. Nd4 Ke5 35. Nf3+ Kd6 36. Kf1 Kc5 37. h4 a5 38. h5 Nf8 39. hxg6 hxg6 40. Ne5 Bf5 41. Bxf5 gxf5 42. g4 Kd6 43. f4 fxg4 44. Nxg4 b4 45. cxb4 axb4 46. Ke2 Kc5 47. Kd3 d4 48. f5 Nh7 49. a4 b3 50. a5 Kb5 51. Kxd4 Kxa5 52. Kc4 Ka4 53. Nf2 Nf6 54. Nd3 Ka5 55. Nc5 Kb6 56. Nxb3 Ne4 57. Nd4 Kc7 58. Kd5 Nf6+ 59. Ke6 Nd7 60. b4 Nf8+ 61. Ke7 Nh7 62. b5 Kb6 63. f6 Kc5 64. f7 Kb6 65. f8Q Nxf8 66. Kxf8 Kc5 67. Ke7 Kb6 68. Kd8 Kb7 69. Kd7 Kb6 70. Kc8 Ka7 71. Kc7 Ka8 72. Ne6 Ka7 73. b6+ Ka6 74. b7 Kb5 75. b8Q+ Kc4 76. Qd8 Kb5 77. Qd4 Ka5 78. Kc6 1-0